Statistiques concernant Tous les Brawlers sur Brawl Stars

Cliquez ici pour prendre le quiz!

Statistiques générales

  • Ce quiz a été pris 11 fois
  • Le résultat moyen est 21 sur 26

Statistiques - réponses

Brawlers % Correct
Jessie
100%
Colt
100%
Poco
86%
Rosa
86%
Shelly
86%
Penny
86%
Ricochet
86%
Mortis
86%
Bo
86%
Bull
86%
Nita
86%
Brock
86%
Léon
86%
Pam
86%
Tara
71%
Corbac
71%
Spike
71%
Darryl
71%
Bartaba
71%
Dynamike
71%
El costo
71%
Carl
71%
Frank
71%
Polly
71%
Billie
57%
D'jinn
57%

Distribution des résultats

Percentile by Number Answered

% des personnes avec chaque résultat

Votre développement - résultats

Vous n’avez pas pris ce quiz